| 000 | 00444nam a2200169Ia 4500 | ||
|---|---|---|---|
| 008 | 131103s9999 xx 000 0 und d | ||
| 020 |
_a9.79E+12 _cRs.99.00 |
||
| 040 | _aLoreto College | ||
| 041 | _aEnglish | ||
| 082 |
_aF/SIN _bLCBED/14803,14804 |
||
| 100 | _aPal Singh, Mohinder | ||
| 245 |
_a31/12/1978 _cMohinder Pal Singh |
||
| 260 |
_aNew Delhi _bMind Melodies _c2012 |
||
| 300 |
_a136p. _c 19c.m. |
||
| 650 | _aFiction | ||
| 942 | _cBK | ||
| 999 |
_c37998 _d88477 |
||